00460nam a2200133Ia 4500008004100000041000800041100001000049245003800059260001600097365001800113906000700131999001700138952017100155240703s9999 xx 000 0 und d aeng aSauro aCustomer Analytics For Dummies  bWiley India cRS.b 499.00  b35 c41059d41059 00102ddc4070aIMTNbIMTNcRack 37-Bd2024-07-03eDr. Tapas K Chatterjeeg499.00l1o658.8340 SAUp33468r2025-12-18 10:09:50s2024-07-06t1v324.35w2024-07-03yBK